Overwatch Heroes by Picture - Statistics

General Stats
  • This quiz has been taken 1,126 times
  • The average score is 33 of 43
Answer Stats
Picture Answer % Correct
Ana
94%
Bastion
92%
Ashe
91%
D.Va
90%
Doomfist
87%
Echo
87%
Cassidy
86%
Genji
86%
Junkrat
85%
Hanzo
84%
Mercy
84%
Baptiste
83%
Mei
83%
Lúcio
81%
Junker Queen
79%
Kiriko
79%
Moira
79%
Reaper
79%
Brigitte
77%
Orisa
76%
Sigma
76%
Juno
75%
Reinhardt
75%
Roadhog
75%
Tracer
75%
Pharah
74%
Soldier: 76
73%
Widowmaker
73%
Lifeweaver
72%
Sombra
72%
Winston
72%
Mauga
71%
Illari
69%
Hazard
68%
Ramattra
68%
Freja
67%
Symmetra
67%
Torbjörn
65%
Zenyatta
64%
Sojourn
63%
Zarya
63%
Wrecking Ball
62%
Venture
58%
No matching quizzes found
Score Distribution
Percent of People with Each Score
Percentile by Number Answered
Your Score History
You have not taken this quiz